The Aarhus Convention (Record no. 72878)

MARC details
000 -LEADER
fixed length control field 01707cam a2200265 4500
001 - CONTROL NUMBER
control field ABS66807
008 - FIXED-LENGTH DATA ELEMENTS--GENERAL INFORMATION
fixed length control field 030618n2003 000 0 eng u
035 ## - SYSTEM CONTROL NUMBER
System control number (Sirsi) u122645
100 ## - MAIN ENTRY--PERSONAL NAME
Personal name McCracken, R.
245 #4 - TITLE STATEMENT
Title The Aarhus Convention
260 ## - PUBLICATION, DISTRIBUTION, ETC.
Date of publication, distribution, etc. 2003
490 ## - SERIES STATEMENT
Series statement Journal of Planning and Environment Law
Volume/sequential designation July 2003, 802-811(10)
520 ## - SUMMARY, ETC.
Summary, etc. Examines the content and scope of the Convention on Access to Information, Public Participation in Decision Making and Access to Justice in Environment Matters, commonly known as the Aarhus Convention. The convention came into force in November 2001 and the EC and UK are signatories although have yet to ratify it. The convention is significant in several ways; it extends the so-called three pillars of environmental information, public participation and justice to greater Europe, it extends and clarifies the protection under the three pillars within the UK and EC and it will affect EC and UK legislation on access to environmental information and environmental assessment. Article explores the functions and forms of public participation, the structure and content of the convention, the convention's approach to costs which challenges the current UK approach, the provisions for public participation and legislative implications. Case law.
590 ## - LOCAL NOTE (RLIN)
Local note ABS
650 ## - SUBJECT ADDED ENTRY--TOPICAL TERM
Topical term or geographic name entry element ACCESS TO INFORMATION
650 ## - SUBJECT ADDED ENTRY--TOPICAL TERM
Topical term or geographic name entry element PUBLIC PARTICIPATION
650 ## - SUBJECT ADDED ENTRY--TOPICAL TERM
Topical term or geographic name entry element ENVIRONMENTAL INFORMATION REGULATIONS 1992
650 ## - SUBJECT ADDED ENTRY--TOPICAL TERM
Topical term or geographic name entry element FREEDOM OF INFORMATION ACT 2000
650 ## - SUBJECT ADDED ENTRY--TOPICAL TERM
Topical term or geographic name entry element AARHUS CONVENTION
650 ## - SUBJECT ADDED ENTRY--TOPICAL TERM
Topical term or geographic name entry element ENVIRONMENTAL ASSESSMENT
650 ## - SUBJECT ADDED ENTRY--TOPICAL TERM
Topical term or geographic name entry element ENVIRONMENTAL INFORMATION
690 ## - LOCAL SUBJECT ADDED ENTRY--TOPICAL TERM (OCLC, RLIN)
Topical term or geographic name as entry element ENVIRONMENTAL AND LAND CONSULTANCY
700 ## - ADDED ENTRY--PERSONAL NAME
Personal name Jones, G.
942 ## - ADDED ENTRY ELEMENTS (KOHA)
Suppress in OPAC 0
Holdings
Withdrawn status Lost status Source of classification or shelving scheme Damaged status Not for loan Home library Current library Shelving location Date acquired Total Checkouts Full call number Barcode Date last seen Copy number Price effective from Koha item type
    Dewey Decimal Classification     London London Journal article 18/06/2003   ABS66807 122645-1001 06/08/2019 1 06/08/2019 Journal article